000 00463nam a2200181Ia 4500
001 19905
005 20260306172727.0
008 260306t2011||||xx |||||||||||||| ||spa||
041 _aESP
082 _a341.4
_bCH548
100 _aChiassoni, Pierluigi
_eAUT
245 0 _aTécnicas de interpretación jurídica. Breviario para juristas
260 _c2011
300 _a366 páginas :
_c23 cm.
650 _aGEN
654 _aCDE
942 _cLIB
_dJUS
_fJUS
_2ddc
_n
999 _c19905
_d19905